Statistics for LEC Winter 2024 Rosters

Click here to take the quiz!

General Stats

  • This quiz has been taken 426 times
  • The average score is 41 of 50

Answer Stats

HintAnswer% Correct
BrokenBlade
98%
Caps
98%
HansSama
98%
Wunder
97%
Jankos
96%
Mikyx
96%
Perkz
96%
Adam
95%
Humanoid
95%
Yike
95%
Razork
94%
Bo
93%
Noah
92%
Oscarinin
92%
Elyoya
91%
Upset
90%
Carzzy
89%
TopOdoamne
89%
Hylissang
88%
Larssen
88%
Nuc
88%
Targamas
88%
Cabochard
87%
Flakked
87%
Nisqy
87%
Kaiser
85%
Vetheo
84%
Saken
83%
Sheo
83%
Comp
82%
Jun
80%
Markoon
79%
Photon
79%
Labrov
78%
ADC
Patrik
78%
Irrelevant
76%
Szygenda
71%
Exakick
70%
Ice
70%
JunglePeach
69%
Daglas
68%
Doss
68%
Supa
68%
Fresskowy
64%
SupportIgNar
62%
Alvaro
59%
Isma
58%
MidJackies
55%
Zoelys
55%
Myrwn
54%

Score Distribution

Percentile by Number Answered

Percent of People with Each Score

Your Score History

You have not taken this quiz